000
00306nam a2200121Ia 4500
008
191206s9999 xx 000 0 und d
090
_a
PR4825.J3
245
0
_a
Three men in a boat: (to say nothing of the dog)
250
_a
2d ed.
260
_a
A. Francke ag.
260
_c
c[1944]
300
_a
44 p. 20 cm.
999
_c
17188
_d
17188